Stephen Spender's Thoughts During an Air Raid Quiz Stats

 Plays Quiz not verified by Sporcle

Score 0/163 Timer 10:00
0 Plays Today
Answer % Correct
A
100%
a
100%
a
100%
the
71.4%
the
71.4%
the
71.4%
'I'
71.4%
The
71.4%
the
71.4%
the
71.4%
The
71.4%
the
71.4%
the
71.4%
the
71.4%
through
71.4%
The
71.4%
thought's
71.4%
For
71.4%
The
71.4%
The
71.4%
and
71.4%
For
71.4%
for
71.4%
Of
57.1%
course,
57.1%
is
57.1%
to
57.1%
put
57.1%
oneself
57.1%
Outside
57.1%
ordinary
57.1%
range
57.1%
Of
57.1%
what
57.1%
are
57.1%
called
57.1%
statistics.
57.1%
hundred
57.1%
are
57.1%
killed
57.1%
In
57.1%
outer
57.1%
suburbs.
57.1%
Well,
57.1%
well,
57.1%
one
57.1%
carries
57.1%
on.
57.1%
So
57.1%
long
57.1%
as
57.1%
this
57.1%
thing
57.1%
is
57.1%
propped
57.1%
Answer % Correct
up
57.1%
on
57.1%
girdered
57.1%
bed
57.1%
which
57.1%
seems
57.1%
so
57.1%
like
57.1%
hearse.
57.1%
In
57.1%
hotel
57.1%
with
57.1%
wall-paper
57.1%
smoke-
57.1%
wreaths
57.1%
of
57.1%
roses,
57.1%
one
57.1%
can
57.1%
ignore
57.1%
of
57.1%
those
57.1%
names
57.1%
under
57.1%
fingers
57.1%
Indented
57.1%
by
57.1%
lead
57.1%
on
57.1%
newsprint,
57.1%
In
57.1%
bar,
57.1%
wailing
57.1%
wireless.
57.1%
Yet
57.1%
supposing
57.1%
that
57.1%
bomb
57.1%
should
57.1%
dive
57.1%
Its
57.1%
nose
57.1%
right
57.1%
this
57.1%
bed,
57.1%
with
57.1%
one
57.1%
upon
57.1%
it?
57.1%
obscene.
57.1%
are
57.1%
one's
57.1%
is
57.1%
That
57.1%
every
57.1%
Answer % Correct
'one'
57.1%
should
57.1%
Propped
57.1%
up
57.1%
under
57.1%
roses,
57.1%
no
57.1%
one
57.1%
his
57.1%
neighbour.
57.1%
is
57.1%
Piecemeal
57.1%
it
57.1%
on
57.1%
That
57.1%
wreath
57.1%
of
57.1%
Which
57.1%
is
57.1%
all
57.1%
mystery
57.1%
or
57.1%
nothing.
57.1%
entire
42.9%
effort
42.9%
bedroom
42.9%
pressure
42.9%
type
42.9%
marginal
42.9%
Still,
42.9%
there
42.9%
whom
42.9%
loss
42.9%
would
42.9%
illustrate
42.9%
'impersonal'
42.9%
use
42.9%
indeed.
42.9%
suffer
42.9%
Then
42.9%
each,
42.9%
until
42.9%
him
42.9%
Blowing
28.6%
many
28.6%
remain
28.6%
separate
28.6%
horror
28.6%
postponed
28.6%
incommunicable
28.6%
grief
28.6%
essential
14.3%
settles
14.3%

You're not logged in!

Compare scores with friends on all Sporcle quizzes.
OR
Log In

Sporcle TV

Today on Sporcle TV


Watch our educational content, quiz creation guides, and fun videos on Sporcle TV.

Show Comments

Extras

Created Aug 22, 2019ReportNominate
Tags:Poem Quiz, air, poetry, raid, stephen, thought

Top Quizzes Today


Score Distribution

Your Account Isn't Verified!

In order to create a playlist on Sporcle, you need to verify the email address you used during registration. Go to your Sporcle Settings to finish the process.

Report this User

Report this user for behavior that violates our Community Guidelines.

Details: